000 01242nam a22002897a 4500
005 20240530110933.0
008 220221s2008 ua c g b 000 0 ara d
017 _bمصر. دار الكتب
020 _a9773681795
040 _aEG-CaGPL
_cEG-CaGPL
082 0 4 _221
_a362.41 /
_bا د
100 0 _aاحمد احمد عواد
245 1 2 _aدليل الاسرة والمعلمة فى تنمية المهارات الاجتماعية للاطفال ذوى الاعاقة البصرية /
_cتاليف احمد احمد عواد ، اشرف محمد عبدالغنى شريت
260 _aالاسكندرية :
_bمؤسسة حورس الدولية ،
_c2008
300 _a198 ص ؛
_c24 سم
490 _aسلسلة برامج لذوى الفئات الخاصة
650 0 7 _aعلم الاجتماع
_2qrmak
650 0 7 _aالمعاقون بصريا
_2qrmak
650 0 7 _aالخدمة الاجتماعية
_2qrmak
650 0 7 _aالحقوق والوجبات
_2qrmak
650 0 7 _aالاطفال المعوقين
_2qrmak
651 _2qrmak
653 _aذوو الهمم
700 _aاشرف محمد عبدالغنى شريت
_eمؤلف مشارك
942 _2ddc
_cBK
999 _c66695
_d66695